Hóa học phân tích Phần 1 Cơ sở lý thuyết các phương pháp hóa học phân tích
Wedi'i Gadw mewn:
| Prif Awdur: | |
|---|---|
| Fformat: | Llyfr |
| Cyhoeddwyd: |
H.
Đại học quốc gia Hà Nội
2009
|
| Rhifyn: | In lần thứ 4 |
| Pynciau: | |
| Tagiau: |
Ychwanegu Tag
Dim Tagiau, Byddwch y cyntaf i dagio'r cofnod hwn!
|
| Thư viện lưu trữ: | Trung tâm Học liệu Lê Vũ Hùng, Trường Đại học Đồng Tháp |
|---|
| LEADER | 00956pam a22002418a 4500 | ||
|---|---|---|---|
| 001 | 00043833 | ||
| 005 | 20190318160312.0 | ||
| 008 | 170518s2007 ||||||Viesd | ||
| 020 | # | # | |c 38500 |
| 041 | 0 | # | |a Vie |
| 082 | 1 | 4 | |a 543 |b H401H |
| 100 | 1 | # | |a Từ, Vọng Nghi |
| 245 | 1 | 0 | |n Phần 1 |a Hóa học phân tích |c Từ Vọng Nghi |p Cơ sở lý thuyết các phương pháp hóa học phân tích |
| 250 | # | # | |a In lần thứ 4 |
| 260 | # | # | |a H. |b Đại học quốc gia Hà Nội |c 2009 |
| 300 | # | # | |a 320 tr. |b 21cm |
| 653 | # | # | |a Hóa học phân tích |
| 653 | # | # | |a Lí thuyết |
| 653 | # | # | |a Phương pháp |
| 653 | # | # | |a Phản ứng hóa học |
| 852 | # | # | |j KM.0028126 |j KM.0028133 |j KM.0028127 |j KM.0028124 |j KM.0028125 |j KM.0028128 |j KM.0028129 |j KM.0028130 |j KM.0028131 |j KM.0028132 |j KM.0028134 |
| 910 | # | # | |e ltkchi |f 18/03/2019 |
| 980 | # | # | |a Trung tâm Học liệu Lê Vũ Hùng, Trường Đại học Đồng Tháp |